Tình dục thuở hồng hoang
Tên sách tiếng Anh: Sex at dawn; Luận bàn về những suy nghĩ, quan niệm, khuôn mẫu về tình dục, hôn nhân, sự chung thủy cùng những định kiến về tình dục và các vấn đề liên quan đối với phụ nữ, nam giới, người đồng tính, người dị tính tron...
שמור ב:
| מחבר ראשי: | |
|---|---|
| מחברים אחרים: | |
| פורמט: | ספר |
| שפה: | Undetermined |
| יצא לאור: |
H.
Thế giới
2018
|
| נושאים: | |
| גישה מקוונת: | http://lrc.tdmu.edu.vn/opac/search/detail.asp?aID=2&ID=33765 |
| תגים: |
הוספת תג
אין תגיות, היה/י הראשונ/ה לתייג את הרשומה!
|
| Thư viện lưu trữ: | Trung tâm Học liệu Trường Đại học Thủ Dầu Một |
|---|
| LEADER | 01143nam a2200217Ia 4500 | ||
|---|---|---|---|
| 001 | TDMU_33765 | ||
| 008 | 210410s9999 xx 000 0 und d | ||
| 082 | |a 428.3 | ||
| 090 | |b R600 | ||
| 100 | |a Ryan, Christopher | ||
| 245 | 0 | |a Tình dục thuở hồng hoang | |
| 245 | 0 | |c Christopher Ryan, Cacilda Jethá; Lê Khánh Toàn dịch; Nguyễn Thủy Chung hiệu đính | |
| 260 | |a H. | ||
| 260 | |b Thế giới | ||
| 260 | |c 2018 | ||
| 300 | |a 510tr. | ||
| 520 | |a Tên sách tiếng Anh: Sex at dawn; Luận bàn về những suy nghĩ, quan niệm, khuôn mẫu về tình dục, hôn nhân, sự chung thủy cùng những định kiến về tình dục và các vấn đề liên quan đối với phụ nữ, nam giới, người đồng tính, người dị tính trong các mối quan hệ xã hội hiện đại ngày nay | ||
| 650 | |a Tình dục; Hôn nhân | ||
| 700 | |a Jethá, Cacilda | ||
| 856 | |u http://lrc.tdmu.edu.vn/opac/search/detail.asp?aID=2&ID=33765 | ||
| 980 | |a Trung tâm Học liệu Trường Đại học Thủ Dầu Một | ||